Suggestions on landscape gardening,

Saved in:
Bibliographic Details
Main Author: Follen, Charles.
Other Authors: Shedd, Joel Herbert, 1834-1915.
Format: Book
Language:English
Published: Boston, Phillips, Sampson, 1859.
Subjects:
Tags: Add Tag
No Tags, Be the first to tag this record!
LEADER 00926cam a2200265 4500
001 000000108-2
005 20020606090541.3
008 750124s1859 mau 000 0 eng
010 |a  74194169 //r91 
035 0 |a ocm01324214 
040 |a DLC  |c DLC  |d FLL 
050 0 0 |a SB471  |b .F64 
082 0 0 |a 712/.6 
100 1 |a Follen, Charles. 
245 1 0 |a Suggestions on landscape gardening,  |c by Charles Follen. Thorough drainage, by J. Herbert Shedd. 
246 3 |a Thorough drainage. 
260 |a Boston,  |b Phillips, Sampson,  |c 1859. 
300 |a 20 p.  |c 24 cm. 
650 0 |a Landscape gardening. 
650 0 |a Drainage. 
700 1 2 |a Shedd, Joel Herbert,  |d 1834-1915.  |t Thorough drainage. 1859. 
700 1 2 |a Shedd, Joel Herbert,  |d 1834-1915.  |t Thorough drainage. 
776 0 8 |i Online version:  |a Follen, Charles.  |t Suggestions on landscape gardening.  |d Boston, Phillips, Sampson, 1859  |w (OCoLC)664547039 
988 |a 20020608 
906 |0 DLC